| 000 -LEADER |
| fixed length control field |
01458cas a2200397 a 4500 |
| 001 - CONTROL NUMBER |
| control field |
16142040 |
| 003 - CONTROL NUMBER IDENTIFIER |
| control field |
NUST |
| 005 - DATE AND TIME OF LATEST TRANSACTION |
| control field |
20201015163848.0 |
| 008 - FIXED-LENGTH DATA ELEMENTS--GENERAL INFORMATION |
| fixed length control field |
100317c20079999pk mr p | 0eng |
| 010 ## - LIBRARY OF CONGRESS CONTROL NUMBER |
| LC control number |
2010340539 |
| 035 ## - SYSTEM CONTROL NUMBER |
| System control number |
(OCoLC)ocn557091523 |
| 038 ## - RECORD CONTENT LICENSOR |
| Staff Name |
Nasira |
| 040 ## - CATALOGING SOURCE |
| Original cataloging agency |
DLC |
| Language of cataloging |
eng |
| Transcribing agency |
DLC |
| Modifying agency |
DLC |
| -- |
OCLCF |
| -- |
OCLCO |
| -- |
OCL |
| -- |
OCLCO |
| -- |
OCL |
| 042 ## - AUTHENTICATION CODE |
| Authentication code |
pcc |
| 043 ## - GEOGRAPHIC AREA CODE |
| Geographic area code |
a-pk--- |
| 050 00 - LIBRARY OF CONGRESS CALL NUMBER |
| Classification number |
DS376 |
| Item number |
.J34 |
| 082 ## - DEWEY DECIMAL CLASSIFICATION NUMBER |
| Classification number |
000 |
| 245 00 - TITLE STATEMENT |
| Title |
72 Years of Pakistan, JWT Special Report Jahangir's world times/ |
| Statement of responsibility, etc. |
Muhammad Sulaiman. |
| 246 13 - VARYING FORM OF TITLE |
| Title proper/short title |
World times |
| 260 ## - PUBLICATION, DISTRIBUTION, ETC. |
| Place of publication, distribution, etc. |
Lahore : |
| Name of publisher, distributor, etc. |
Nabeel Niaz |
| 300 ## - PHYSICAL DESCRIPTION |
| Extent |
v. : |
| Other physical details |
col. ill.; |
| Dimensions |
28 cm. |
| 310 ## - CURRENT PUBLICATION FREQUENCY |
| Current publication frequency |
Monthly |
| 362 1# - DATES OF PUBLICATION AND/OR SEQUENTIAL DESIGNATION |
| Dates of publication and/or sequential designation |
Began in 2019. |
| 588 ## - SOURCE OF DESCRIPTION NOTE |
| Source of description note |
Description based on: Vol. 3, issue 6 (Mar. 09); title from cover. |
| 590 ## - LOCAL NOTE (RLIN) |
| Local note |
Acquired via LC overseas office. Islamabad Field Office. Most recent issues may not yet be available in LC Washington. |
| 648 #7 - SUBJECT ADDED ENTRY--CHRONOLOGICAL TERM |
| Chronological term |
1900-1999 |
| Source of heading or term |
fast |
| 9 (RLIN) |
25422 |
| 650 #0 - SUBJECT ADDED ENTRY--TOPICAL TERM |
| Topical term or geographic name entry element |
Annual Report - World times. |
| Chronological subdivision |
20th century |
| Form subdivision |
Periodicals. |
| 9 (RLIN) |
31619 |
| 650 #7 - SUBJECT ADDED ENTRY--TOPICAL TERM |
| Topical term or geographic name entry element |
Politics and government |
| Source of heading or term |
fast |
| Authority record control number or standard number |
(OCoLC)fst01919741 |
| 9 (RLIN) |
1501 |
| 650 #7 - SUBJECT ADDED ENTRY--TOPICAL TERM |
| Topical term or geographic name entry element |
World politics. |
| Source of heading or term |
fast |
| Authority record control number or standard number |
(OCoLC)fst01181381 |
| 9 (RLIN) |
25424 |
| 651 #0 - SUBJECT ADDED ENTRY--GEOGRAPHIC NAME |
| Geographic name |
Pakistan |
| General subdivision |
Politics and government |
| Form subdivision |
Periodicals. |
| 9 (RLIN) |
19277 |
| 651 #7 - SUBJECT ADDED ENTRY--GEOGRAPHIC NAME |
| Geographic name |
Pakistan. |
| Source of heading or term |
fast |
| Authority record control number or standard number |
(OCoLC)fst01210275 |
| 9 (RLIN) |
25425 |
| 655 #7 - INDEX TERM--GENRE/FORM |
| Genre/form data or focus term |
Periodicals. |
| Source of term |
fast |
| Authority record control number |
(OCoLC)fst01411641 |
| 9 (RLIN) |
25426 |
| 906 ## - LOCAL DATA ELEMENT F, LDF (RLIN) |
| a |
7 |
| b |
cbc |
| c |
serorig |
| d |
3 |
| e |
ncip |
| f |
20 |
| g |
n-oclcserc |
| 942 ## - ADDED ENTRY ELEMENTS (KOHA) |
| Source of classification or shelving scheme |
|
| Koha item type |
Continuing Resources |
| Serial record |
1 |